Skala Mohsa - Statystyki

Ogólne statystyki
  • Ten quiz został rozwiązany 928 razy
  • Średni wynik to 8 z 10
Statystyki odpowiedzi
Twardość Minerał % Poprawnych
1 talk
92%
10 diament
91%
2 gips
88%
7 kwarc
81%
3 kalcyt
80%
4 fluoryt
75%
9 korund
74%
8 topaz
73%
6 ortoklaz
70%
5 apatyt
69%
Nie znaleziono quizów pasujących do podanych kryteriów
Rozkład punktacji
Procent ludzi z każdym wynikiem
Percentyl według liczby udzielonych odpowiedzi
Twoja historia wyników
Nie rozwiązałeś tego quizu